000 00350 a2200157 4500
001 18101
020 _a9788579058424
040 _cAnchieta - Bela Vista
100 _aGuedes, Hardy
240 1 0 _aO mamulengo molenga
_lpor
245 1 0 _aO mamulengo molenga
300 _a24
362 0 _a2011
650 4 _aLiteratura infanto-juvenil
942 _cBK
999 _c18101
_d18101